000 00300nam a22001217a 4500
008 160524b xxu||||| |||| 00| 0 eng d
020 _a9780815123880
020 _a0815123884
041 _aeng
080 _a618.2
245 _aComprehensive review of practical nursing:
_cFree Disk;
942 _2udc
_cBK
999 _c2424
_d2424